| 000 | 02292cam a22002414a 4500 | ||
|---|---|---|---|
| 005 | 20250605163943.0 | ||
| 008 | 250528s ||||||||||||||||||||||||d | ||
| 035 | _a15118 | ||
| 020 | _a025602006X | ||
| 040 |
_aGR-AtMCL _bgre _dGR-AtMCL _eAACR2 |
||
| 245 | 1 | _aQuantitative Methods in Management / Texts and Cases | |
| 260 |
_bIrwin Mcgraw-Hill, _c1978 |
||
| 300 | _a668 | ||
| 505 | 0 | _aA Framework for Analyzing Decisions Under Uncertainty, An Introduction to Decision Analysis, The Evaluation of Monetary Consequences, The Development of Decision Diagrams, Assessing Certainty Equivalents by Assessing Preference for Consequences, Judgmental Assessment and Limited Information, Assessment and Use of Continuous Probability Distributions, Updating Probability Assessments with Additional Information, Using Historical Data to Develop Probabilities, Elementary Forecasting, Developing Forecasts with the Aid of Time Series Decomposition, Developing Forecasts with the Aid of Regression Analysis, Simulation in the Analysis of Complex Decisions, Simulation as a Decision Aid, Accounting for Competitive Reaction, Games and Competitive Situations, Allocating Scarce Resources, An Introduction to Linear Programming, Appendixes. | |
| 520 | _aA Framework for Analyzing Decisions Under Uncertainty, An Introduction to Decision Analysis, The Evaluation of Monetary Consequences, The Development of Decision Diagrams, Assessing Certainty Equivalents by Assessing Preference for Consequences, Judgmental Assessment and Limited Information, Assessment and Use of Continuous Probability Distributions, Updating Probability Assessments with Additional Information, Using Historical Data to Develop Probabilities, Elementary Forecasting, Developing Forecasts with the Aid of Time Series Decomposition, Developing Forecasts with the Aid of Regression Analysis, Simulation in the Analysis of Complex Decisions, Simulation as a Decision Aid, Accounting for Competitive Reaction, Games and Competitive Situations, Allocating Scarce Resources, An Introduction to Linear Programming, Appendixes. | ||
| 700 | 1 |
_aBradley P. Stephen _9966 |
|
| 700 | 1 |
_aFrey C. Sherwood _9967 |
|
| 700 | 1 |
_aJackson B. Barbara _9968 |
|
| 700 | 1 |
_aVatter A. Paul _9969 |
|
| 942 | _cBK | ||
| 999 |
_c715 _d715 |
||